MDQL
is popping MORE tags! Check the
thread
!
Quizzes
Events
Quiz Creation
Community
Videos
Private Events
Remove Ads
Sign In
Join for FREE
Feedback
Dark Mode
Quiz Categories
Sports
Geography
Music
Movies
Television
Just For Fun
Miscellaneous
History
Literature
Language
Science
Gaming
Entertainment
Religion
Holiday
For Kids
Quiz Lab
Recent
Popular Today
Quiz Kudos Today
Editor Picks
Curator Picks
Quizzes by...
Day
Popularity
Type
Ratings
Length
Year
Community
Subscriptions
Recent Discussions
Orange Saloon
Badges
Playlists
Quests
Create
Leaderboards
Showdown
Live 5
Trivia Bingo
Activity
Puzzle Library
Sporcle Events
Private Events
Virtual Trivia
Globe League
Become a Host
Pub Owners
SporcleCon
Opinionation
Our Games
Videos
Blog
Mobile Apps
Partnerships
Remove Ads and Go Orange
Feedback
Entertainment
Celebrity
Famous
Musical
Broadway
Show
Quote
Comic Books
Anime
Superhero
DC Comics
Marvel
Cartoons
Animation
Entertainment
Celebrity
Famous
Musical
Broadway
Show
Quote
Comic Books
Anime
Superhero
DC Comics
Marvel
Cartoons
Animation
Random Quiz
Search Sporcle
×
Quiz Lab
Quiz Lab
Entertainment
paul
Type answers based on single images at one time
Type answers based on single images at one time
Slideshow
Best Score? Go Orange.
Ru Paul's Drag Race? Stats
Can you name all the queens that have competed on Ru Paul's Drag Race??
By
dantagg
20m
113 Questions
794 Plays
794 Plays
794 Plays
Comments
Comments
Give Quiz Kudos
Give Quiz Kudos
-
- Ratings
hide this ad
Replay
Link that replays current quiz
Next Quiz
Link to next quiz in quiz playlist
You Got
0%
They Got
Avg Score
55%
Avg Friend Score
Upgrade to see
Score Distribution
Jump to the score distribution portion of the page
Score
0/113
Timer
20:00
0
Plays Today
% Correct
Tammie Brown
76.4%
Raven
75.6%
Victoria Parker Porkchop
75.2%
Bebe
74.2%
Raja
72.5%
Chad Michaels
72.5%
Alyssa Edwards
72.5%
Latrice Royale
72.2%
Shangela
71.9%
Adore Delano
69.9%
Milk
69.8%
Ben De La Creme
69.5%
Morgan McMichaels
68.6%
Tyra Sanchez
68.4%
Gia Gunn
68%
Jiggly Caliente
66.6%
Ivy Winters
66.4%
Roxxxy Andrews
66.4%
Willam
66.1%
Bianca Del Rio
66%
Alaska
65.7%
Jinkx Monsoon
65.1%
Detox
64.1%
Laganja Estranja
64.1%
Coco Montrese
64%
Shannel
63.6%
Jujubee
62.7%
Sahara Davenport
61.7%
Aja
61.2%
Valentina
61%
Kim Chi
60.5%
Sasha Velour
60.5%
Sharon Needles
60.3%
Naomi Smalls
59.9%
Sonique
59.4%
Kenya Michaels
58.7%
Joslyn Fox
58.7%
Farrah Moan
58.6%
% Correct
Carmen Carrera
57.9%
Alexis Mateo
57.7%
Vivacious
57.6%
Mystique
57.4%
April Carrion
56.7%
Courtney Act
56.7%
Trinity K Bonet
56.5%
Bob the Drag Queen
56.5%
Peppermint
56.5%
Ongina
56.3%
Delta Work
56.3%
Trinity Taylor
56.3%
Kelly Mantle
55.8%
Nina Flowers
55.3%
Cynthia Lee Fontaine
55.2%
Shea Coulee
54.5%
Tatianna
54.4%
Penny Tration
53.8%
Pandora Boxx
53.5%
Jessica Wild
53.4%
Manila Luzon
53.4%
Phi Phi O'Hara
53.3%
Katya
53%
Pearl
53%
The Princess
52.8%
Serena ChaCha
52.6%
Alexis Michelle
52.6%
Ginger Minj
52.4%
Charlie Hides
52.3%
Rebecca Glasscock
52%
Robbie Turner
51.9%
Mariah
51.6%
Jaymes Mansfield
51.5%
Akashia
51.4%
Honey Mahogany
51.3%
Magnolia Crawford
51.3%
Eureka O'Hara
51%
Trixie Mattel
50.8%
% Correct
Nina Bo'nina Brown
50.8%
Miss Fame
50.6%
Violet Chachki
50.5%
Mimi Imfurst
50.1%
Kennedy Davenport
50.1%
Darienne Lake
50%
Max
50%
Madame LaQueer
49.7%
Jade
49.5%
Thorgy Thor
49.4%
Jasmine Masters
49.2%
Yara Sofia
49%
Derrick Barry
48.1%
Acid Betty
47.6%
Monica Beverly Hillz
47.5%
India Ferrah
47.4%
Venus D-Lite
46.7%
Milan
46.3%
Vivienne Pinay
46.1%
Jade Jolie
46.1%
Dida Ritz
46%
Sasha Belle
45.5%
Tempest DuJour
45.3%
Phoenix
45%
Mrs Kasha Davis
44.7%
Chi Chi DeVayne
44.6%
Nicole Paige Brooks
44.3%
Kandy Ho
44.3%
Lashauwn Beyond
42.7%
Laila McQueen
42.6%
Dax ExclamationPoint
42.1%
Stacy Layne Matthews
40.7%
Alisa Summers
40.6%
Kimora Blac
39.4%
Naysha Lopez
39.3%
Jaidynn Diore Fierce
38.2%
Lineysha Sparx
36.3%
Quiz Playlist
Details
Report
Send in Message
Add To Playlist
Slideshow:
Type answers based on single images at one time
Last Updated: Feb 12, 2018
Quiz Scoreboard
CHALLENGE
Sign Up to Join the Scoreboard
Show All
Scores
Hide
Comments
May contain spoilers
Recently Published
1-10 Letter E Words III
by El_Dandy
Language
2m
Street Fighter Characters
by Artimus82
Gaming
60s
College Basketball Coaching Resumes
by pancakes188
Sports
9m
More to Explore
Quiz From the Vault
Featured Blog Post
Where Did the Easter Bunny Come From?
hide this ad
You Might Also Like...
Tags
Competed
Drag
paul
Queen
race
Rupaul's Drag Race
Today's Top Quizzes in Entertainment
Browse Entertainment
hide this ad
Today's Top Quizzes in paul
Browse paul
Top Contributed Quizzes in Entertainment
1
7-to-1: DC Comics Villains
2
Marvel Characters Bunker
3
Dragon Ball Z: Goku's Fights in Order
4
Eurovision 2023 Logic Puzzle
5
Sorting Pictures: Villains
6
Criteria Quickie: Cartoon Taxonomy II
7
7-to-1: One Piece
8
One Piece Characters Order of Appearance
9
Mini Trivia Sudoku: Musicals
10
Kamen Rider Motifs
Explore More
Trending Topics
Harry Potter
Kpop
Crossword
Anime
Disney
NBA
Marvel
WWE
Puzzle
The Office
Soccer
NFL
Song
Country
Pokémon
hide this ad
More By:
dantagg
Quiz
Plays
Rating
Category
Featured
Created
Ru Paul's Drag Race?
794
1.33
Entertainment
May 11, 2017
Go to Creator's Profile
Score Distribution
Quiz Creator Spotlight
dantagg
Follow
Send a Message
Quizzes Created
-
Created Quiz Play Count
-
More By This Creator
Popular Quizzes Today
1
Find the US States - No Outlines Minefield
2
Find the Countries of Europe - No Outlines Minefield
3
The Countries of the World
4
Find the US States
5
Risky Map Clicking: Biggest States A-Z
6
US States
7
Popular People in 1961
8
Movies - When Are They Set?
More Entertainment Quizzes
Capybaras in Media
Curator's Pick
Trending Quizzes
Risky Map Clicking: Least Populous States A-Z
USA Borders Longest to Shortest
1-10 Letter G Words
1-10 Letter F Words
Countries of the World: 200 Million BC
Recently Updated
Beyoncé Albums
pecheneg
Leaping Animals
pecheneg
Reality TV Shows (A-Z)
bhenderson79
Rickey Henderson's Hall of Fame Teammates
pecheneg
Champions League XIs: Arsenal
pecheneg
Quick Pick: Celebrities in WWE's Hall of Fame
aduchscher
A-Z Keypad Blitz II
pecheneg
Multiple Oscar Actors
pecheneg
Mystery Phrase Blitz: Oscar 'Best Actors'
pecheneg
F. Scott Fitzgerald Novels
LTH
Trending Topics
Crossword
Anime
Marvel
NBA
Kpop
Disney
Harry Potter
Puzzle
Country
NFL
Pokémon
The Office
WWE
Soccer
Song
Your Account Isn't Verified!
In order to create a playlist on Sporcle, you need to verify the email address you used during registration. Go to your
Sporcle Settings
to finish the process.
Report this User
Report this user for behavior that violates our
Community Guidelines
.
Details:
Send Report
Go to the Sporcle.com Mobile Site →
Comments